The Premier League Quiz - Statistics

General Stats
  • This quiz has been taken 45 times
    38 since last reset
  • The average score is 7 of 10
Answer Stats
Hint Answer % Correct
Which club won the 22/23 Premier League? Manchester City
97%
Which Premier League club has currently won the most Champions Leagues? Liverpool
94%
Which Premier League club currently has the most Premier League titles? Manchester United
94%
Which Premier League club has the largest fan base? Manchester United
88%
Who is the Premier League's all time top goalscorer? Alan Shearer
85%
Which Premier League clubs have never been relegated? Manchester United | Tottenham | Arsenal | Chelsea | Everton | Liverpool
82%
Which club won the Premier League in the 94/95 season? Blackburn Rovers
68%
Which Premier League player won the Puskas award in 2020? Son Heung Min
53%
Who has the most Premier League Golden Boots? Thierry Henry
53%
Who has the most Premier League Golden Gloves? Joe Hart
29%
No matching quizzes found
Score Distribution
Percent of People with Each Score
Percentile by Number Answered
Your Score History
You have not taken this quiz since the last reset